000 00273nam a22001337a 4500
008 170523b xxu||||| |||| 00| 0 eng d
020 _a9780078250606
041 _aeng
080 _a621.3
100 _a26
101 _aIM
245 _aWELDING
_cSACKS
942 _2udc
_cBK
999 _c13934
_d13934